<?xml version="1.0" encoding="UTF-8"?>
<record
    xmlns:xsi="http://www.w3.org/2001/XMLSchema-instance"
    xsi:schemaLocation="http://www.loc.gov/MARC21/slim http://www.loc.gov/standards/marcxml/schema/MARC21slim.xsd"
    xmlns="http://www.loc.gov/MARC21/slim">

  <leader>01828nam a22002417a 4500</leader>
  <controlfield tag="003">OSt</controlfield>
  <controlfield tag="005">20180911065806.0</controlfield>
  <controlfield tag="008">180220b        xxu||||| |||| 00| 0 spa d</controlfield>
  <datafield tag="020" ind1=" " ind2=" ">
    <subfield code="a">9505360134</subfield>
  </datafield>
  <datafield tag="040" ind1=" " ind2=" ">
    <subfield code="c">PJ</subfield>
  </datafield>
  <datafield tag="100" ind1=" " ind2=" ">
    <subfield code="a">Hitters, Juan Carlos</subfield>
    <subfield code="9">120</subfield>
  </datafield>
  <datafield tag="245" ind1="1" ind2="0">
    <subfield code="a">T&#xE9;cnica de los recursos ordinarios /</subfield>
    <subfield code="c">Juan Carlos Hitters.</subfield>
  </datafield>
  <datafield tag="260" ind1=" " ind2=" ">
    <subfield code="a">Buenos Aires :</subfield>
    <subfield code="c">Lep,</subfield>
    <subfield code="b">1988.</subfield>
  </datafield>
  <datafield tag="300" ind1=" " ind2=" ">
    <subfield code="a">641 P.</subfield>
    <subfield code="c">23 cm.</subfield>
  </datafield>
  <datafield tag="500" ind1=" " ind2=" ">
    <subfield code="a">Notas y citas bibliogr&#xE1;ficas a pie de p&#xE1;gina.</subfield>
  </datafield>
  <datafield tag="505" ind1=" " ind2=" ">
    <subfield code="a">Contenido:
 Teor&#xED;a general de la impugnaci&#xF3;n -- Concepto. Clasificaci&#xF3;n de los recursos -- Proped&#xE9;utica recursiva -- Efectos de los recursos - Aclaratoria. Principios rectores -- Aclaratoria ( continuaci&#xF3;n). Motivos y limitaciones -- El recurso de reposici&#xF3;n. Generalidades -- El recurso de reposici&#xF3;n ( continuaci&#xF3;n). Tr&#xE1;mite. La apelaci&#xF3;n en subsidio -- Apelaci&#xF3;n. Generalidades. An&#xE1;lisis hist&#xF3;rico- comparatista -- Admisibilidad de la apelaci&#xF3;n. Resoluciones apelables e inapelables -- Procedencia de la apelaci&#xF3;n. Legitimaci&#xF3;n. Agravios. Remisi&#xF3;n -- Efectos de la apelaci&#xF3;n. Efecto suspensivo y devolutivo. El efectos diferido. Formas de conceder la apelaci&#xF3;n. En relaci&#xF3;n y libre -- Objeto de la apelaci&#xF3;n. L&#xED;mites del tribunal de alzada -- Procedimiento en segunda instancia. Fase introductoria. Tr&#xE1;mite del recurso de apelaci&#xF3;n -- Procedimiento en segunda instancia (continuaci&#xF3;n). Fase probatoria y decisoria -- El recurso de nulidad -- El mal llamado "recurso " de consulta -- Apelaci&#xF3;n ordinaria ante la Corte Suprema Nacional -- El recurso de queja. </subfield>
  </datafield>
  <datafield tag="650" ind1=" " ind2="0">
    <subfield code="9">267</subfield>
    <subfield code="a">DERECHO PROCESAL</subfield>
  </datafield>
  <datafield tag="650" ind1=" " ind2="0">
    <subfield code="9">178</subfield>
    <subfield code="a">DERECHO CONSTITUCIONAL</subfield>
  </datafield>
  <datafield tag="650" ind1=" " ind2="0">
    <subfield code="9">1954</subfield>
    <subfield code="a">RECURSOS</subfield>
  </datafield>
  <datafield tag="650" ind1=" " ind2="0">
    <subfield code="9">2083</subfield>
    <subfield code="a">RECURSO DE APELACI&#xD3;N (PROCESAL)</subfield>
  </datafield>
  <datafield tag="650" ind1=" " ind2="0">
    <subfield code="9">2102</subfield>
    <subfield code="a">RECURSO DE QUEJA (PROCESAL)</subfield>
  </datafield>
  <datafield tag="942" ind1=" " ind2=" ">
    <subfield code="2">udc</subfield>
    <subfield code="c">LIB</subfield>
    <subfield code="h">347.956</subfield>
    <subfield code="i">HIT</subfield>
  </datafield>
  <datafield tag="999" ind1=" " ind2=" ">
    <subfield code="c">1417</subfield>
    <subfield code="d">1417</subfield>
  </datafield>
  <datafield tag="952" ind1=" " ind2=" ">
    <subfield code="0">0</subfield>
    <subfield code="1">0</subfield>
    <subfield code="2">udc</subfield>
    <subfield code="4">0</subfield>
    <subfield code="7">0</subfield>
    <subfield code="a">DJS</subfield>
    <subfield code="b">DJS</subfield>
    <subfield code="d">2018-09-10</subfield>
    <subfield code="l">1</subfield>
    <subfield code="m">4</subfield>
    <subfield code="o">347.956 HIT</subfield>
    <subfield code="p">0507</subfield>
    <subfield code="q">2024-05-10</subfield>
    <subfield code="r">2024-02-23</subfield>
    <subfield code="s">2024-02-23</subfield>
    <subfield code="w">2018-09-10</subfield>
    <subfield code="y">LIB</subfield>
  </datafield>
</record>
